000 00670nas a2200241 4500
001 BR2013002031
003 BR-BrBNA
005 20231205122149.0
007 ta
008 230509b bl.|||p| |||| 00| 00por d
040 _aBR-BrBNA
_bpor
_cBiblioteca Nacional de Agricultura
041 _a(Pt)
072 _aL74
100 1 _aBegon, D.
245 1 _aPesquisa de metástases pulmonares em gata
650 _aGATO
650 _aFÊMEA
650 _aPULMÃO
650 _aNEOPLASIA
773 0 _tA Hora Veterinária (Brazil)
_xISSN 0101-9163
_g(Jul-Aug 1999), v.19(110) p. 32-34
_wBR2013002031
909 _a202311
_bLúcia
_c55
_dLúcia Elande
942 _2AGRIS
_n0
_cANA
999 _c227234
_d227234